Hauptstädte und größte Städte (Dänemark) - Statistiken

Allgemein
  • Dieses Quiz wurde 24 mal gespielt
  • Das Durchschnittsergebnis liegt bei 8 aus 18
Antwortstatistiken
Antwort % Korrekt
Kopenhagen
100%
Kopenhagen
90%
Kopenhagen
85%
Kopenhagen
85%
Aalborg
50%
Kopenhagen
50%
Nuuk
50%
Nuuk
50%
Aalborg
45%
Aarhus
45%
Thorshaven
40%
Thorshaven
35%
Odense
25%
Viborg
25%
Roskilde
20%
Hillerød
10%
Vejle
5%
Sorø
0%
Keine übereinstimmenden Quizze gefunden
Verteilung der Resultate
Anzahl Personen mit jedem Resultat
Perzentil nach korrekt beantworteten Fragen
Ihre Resultats-Entwicklung
Sie haben dieses Quiz noch nicht gespielt